| 000 | 00379nam a22001577a 4500 | ||
|---|---|---|---|
| 003 | CEME | ||
| 005 | 20210628204131.0 | ||
| 008 | 210106b xxu||||| |||| 00| 0 eng d | ||
| 040 | _c. | ||
| 082 | _a006.6 YOU | ||
| 100 |
_aMuhammad Younis Javed, Abdul Basit _968872 |
||
| 245 | _aColor image compression | ||
| 260 | _bLAMBERT | ||
| 650 |
_aDATA LOST _968546 |
||
| 942 |
_cBK _2ddc |
||
| 999 |
_c576332 _d576332 |
||